Normal view
MARC view
- schmidt, Frank w
Entry Personal Name
001 - CONTROL NUMBER
- control field: 115209
003 - CONTROL NUMBER IDENTIFIER
- control field: NUST
005 - DATE AND TIME OF LATEST TRANSACTION
- control field: 20230912165227.0
008 - FIXED-LENGTH DATA ELEMENTS
- fixed length control field: 230912|| aca||aabn | a|a d
040 ## - CATALOGING SOURCE
- Original cataloging agency: NUST
- Transcribing agency: NUST
100 ## - HEADING--PERSONAL NAME
- Personal name: schmidt, Frank w
670 ## - SOURCE DATA FOUND
- Source citation: Work cat.: (NUST): schmidt, Frank w., Introduction to thermal sciences:, 1993
